000
00213 a2200097 4500
001
45894
100
_a
Heise J
245
_a
Super golf with self hypnosis
260
_a
London
_b
Eucot s
_c
090
_c
28998
_d
28998
942
_a
NUST-CAE
_c
M
_c
21110
999
_c
280967
_d
280967